| 000 | 00400nam a22001697a 4500 | ||
|---|---|---|---|
| 005 | 20230711124542.0 | ||
| 008 | 230711b |||||||| |||| 00| 0 eng d | ||
| 020 | _a9781483952628 | ||
| 082 |
_a658.872 _bKIT-H |
||
| 100 | _aKitchen,Tim | ||
| 245 | _aHOW TO GET TO THE TOP OF GOOGLE | ||
| 300 | _a230 | ||
| 500 | _ainclude summary | ||
| 650 | _amanagement | ||
| 700 | _aTim Kitchen | ||
| 999 |
_c25910 _d25910 |
||